Nurturing your child's potential : (Record no. 2544)

MARC details
000 -LEADER
fixed length control field 01058pam a2200289 a 4500
001 - CONTROL NUMBER
control field 4433494
003 - CONTROL NUMBER IDENTIFIER
control field GBCCL
005 - DATE AND TIME OF LATEST TRANSACTION
control field 20241126110431.0
008 - FIXED-LENGTH DATA ELEMENTS--GENERAL INFORMATION
fixed length control field 940525s1994 miu b 000 0 eng
010 ## -
-- 94025573
020 ## - INTERNATIONAL STANDARD BOOK NUMBER
International Standard Book Number 0892838213 :
Terms of availability $10.99 (est.)
040 ## - CATALOGING SOURCE
Original cataloging agency DLC
Transcribing agency DLC
Modifying agency DLC
050 00 -
-- HQ774
-- .M58 1994
082 00 - DEWEY DECIMAL CLASSIFICATION NUMBER
Classification number 305.231
Edition information 20
Item number MIT
100 1# - MAIN ENTRY--PERSONAL NAME
Personal name Mitsch, Ray.
9 (RLIN) 5302
245 10 - TITLE STATEMENT
Title Nurturing your child's potential :
Remainder of title how to make the most of your child's emotional, physical, and intellectual promise /
Statement of responsibility, etc. Raymond Mitsch.
260 ## - PUBLICATION, DISTRIBUTION, ETC.
Place of publication, distribution, etc. Ann Arbor, Mich. :
Name of publisher, distributor, etc. Vine Books,
Date of publication, distribution, etc. c1994.
300 ## - PHYSICAL DESCRIPTION
Extent 206 p. ;
Dimensions 23 cm.
504 ## - BIBLIOGRAPHY, ETC. NOTE
Bibliography, etc. note Includes bibliographical references (p. 203-206).
650 #0 - SUBJECT ADDED ENTRY--TOPICAL TERM
Topical term or geographic name entry element Infants.
9 (RLIN) 5303
650 #0 - SUBJECT ADDED ENTRY--TOPICAL TERM
Topical term or geographic name entry element Child development.
9 (RLIN) 1190
650 #0 - SUBJECT ADDED ENTRY--TOPICAL TERM
Topical term or geographic name entry element Child psychology.
9 (RLIN) 5304
650 #0 - SUBJECT ADDED ENTRY--TOPICAL TERM
Topical term or geographic name entry element Child rearing.
9 (RLIN) 1189
906 ## - LOCAL DATA ELEMENT F, LDF (RLIN)
a 7
b cbc
c orignew
d 1
e ocip
f 19
g y-gencatlg
942 ## - ADDED ENTRY ELEMENTS (KOHA)
Source of classification or shelving scheme Dewey Decimal Classification
Koha item type Books
Koha issues (borrowed), all copies 3
Holdings
Withdrawn status Lost status Source of classification or shelving scheme Damaged status Not for loan Home library Current Library Shelving location Date acquired Total checkouts Full call number Barcode Date last seen Date last checked out Copy number Price effective from Koha item type
    Dewey Decimal Classification     GRACE BIBLE COLLEGE GRACE BIBLE COLLEGE General Studies 2017-08-23 3 305.231 MIT 005776 2025-05-01 2023-02-14 c.1 2017-08-23 Books
© Grace Bible College Library 2025